00388nam a2200109Ia 4500008004100000082001300041100002300054245008500077942000600162952009500168999001500263240331s9999 xx 000 0 und d a302bWOM aWomen's Education  0aCode of Ethics For Gender Representation in the Electronic Media( Sinhala Tamil) cL 001040708LaWERCLbWERCLcSSCd2024-03-31l0o 302 WOMp4411r2024-03-31w2024-03-31yL c1083d1083